| 000 | 00950cam a2200289 a 4500 | ||
|---|---|---|---|
| 001 | 4241452 | ||
| 003 | NUST - PNEC | ||
| 005 | 20170116180853.0 | ||
| 008 | 830610s1984 nyua 000 0 eng | ||
| 010 | _a 83012073 | ||
| 020 | _a0070575185 | ||
| 020 | _a007Y665664 | ||
| 040 |
_aDLC _cLIBRARY _dDLC |
||
| 050 | 1 | 0 |
_aQD45 _b.S553 1984 |
| 082 | 0 | 0 | _a542 SIE |
| 100 | 1 | _aSienko, Michell J. | |
| 245 | 1 | 0 |
_aExperimental chemistry / _cMichell J. Sienko, Robert A. Plane, Stanley T. Marcus. |
| 250 | _a6th ed. | ||
| 260 |
_aNew York : _bMcGraw-Hill, _cc1984. |
||
| 300 |
_axv, 392 p. : _bill. ; _c24 cm. |
||
| 500 | _a"This laboratory manual has been written to accompany the textbooks Chemistry and Chemistry, principles and applications."--Pref. | ||
| 650 | 0 |
_aChemistry _xLaboratory manuals. _xME |
|
| 700 | 1 | _aPlane, Robert A. | |
| 700 | 1 | _aMarcus, Stanley T. | |
| 906 |
_a7 _bcbc _corignew _d1 _eocip _f19 _gy-gencatlg |
||
| 942 |
_2ddc _cBK |
||
| 999 |
_c64684 _d64684 |
||